Lengua, literatura, intimidad: entre Lope de Vega y Azorín
Guardat en:
| Autor principal: | |
|---|---|
| Format: | Llibre |
| Idioma: | espanyol |
| Publicat: |
Madrid
Taurus
1966
|
| Col·lecció: | Colección Persiles, 33
|
| Matèries: | |
| Etiquetes: |
Afegir etiqueta
Sense etiquetes, Sigues el primer a etiquetar aquest registre!
|
MARC
| LEADER | 00000nam a2200000 a 4500 | ||
|---|---|---|---|
| 001 | UCZ7810 | ||
| 003 | CL-VaPUC | ||
| 005 | 20220708074337.0 | ||
| 008 | 960112e19660000SP |||||||||||||||||spa|d | ||
| 999 | |c 243808 |d 243806 | ||
| 040 | |c Pontificia Universidad Católica de Valparaíso | ||
| 082 | 0 | 4 | |a 860.9 |b ZAM |2 21 |
| 100 | 0 | |a Zamora Vicente, Alonso |e author |9 352796 | |
| 245 | 1 | 0 | |a Lengua, literatura, intimidad: entre Lope de Vega y Azorín |
| 260 | |a Madrid |b Taurus |c 1966 | ||
| 300 | |a 171 p | ||
| 490 | 0 | |a Colección Persiles, 33 | |
| 583 | |a last modification |c 19960112 00:00:00 |k Rodrigo Vera | ||
| 600 | 0 | 7 | |a VEGA, LOPE DE |2 CL-VaPUC |9 319628 |
| 600 | 0 | |a Miró, Gabriel, |d 1879-1930 |9 481193 | |
| 600 | 0 | |a García Lorca, Federico |e autor |9 315690 | |
| 600 | 0 | |a Icaza, Francisco A. de |d 1863-1925 |9 352797 | |
| 600 | 0 | 7 | |a PEREZ GALDOS, BENITO |2 CL-VaPUC |9 318144 |
| 600 | 0 | |a Azorín, |d 1873-1967 |q Martínez Ruiz, José |9 353525 | |
| 650 | 0 | |a Literatura española |9 306261 | |
| 650 | 7 | |a NOVELA ESPAÑOLA |2 CL-VaPUC |9 313139 | |
| 650 | 0 | |a Poesía española |9 264938 | |
| 650 | 0 | |a Crítica e interpretación |9 255042 | |
| 942 | |c BK |2 ddc | ||
| 945 | |d 19960112 00:00:00 |a rleighto | ||
| 952 | |0 0 |1 0 |4 0 |6 860_900000000000000_ZAM_1966 |7 0 |8 A |9 257628 |a BIBEDU |b BIBEDU |d 2019-11-19 |i 3168921 |o 860.9 ZAM 1966 |p 3168921 |r 2019-11-19 |w 2019-11-19 |y BK |k LIT | ||
| 952 | |0 0 |1 0 |4 0 |6 860_900000000000000_ZAM_1966 |7 0 |8 A |9 257629 |a BIBEDU |b BIBEDU |d 2019-11-19 |i 3269515 |o 860.9 ZAM 1966 |p 3269515 |r 2019-11-19 |w 2019-11-19 |y BK |k LIT | ||